| 000 | 01055naa a22003137a 4500 | ||
|---|---|---|---|
| 001 | BR6009375 | ||
| 003 | BR-BrBNA | ||
| 005 | 20240918173013.0 | ||
| 007 | ta | ||
| 008 | 230509b bl.||||| |||| 00| 0 por d | ||
| 040 |
_aBR-BrBNA _bpor _cBiblioteca Nacional de Agricultura |
||
| 041 | _a(Pt) | ||
| 072 |
_aF70; L00 _b7100 _bG514 |
||
| 090 | _aF70 BR6009375 | ||
| 100 | 1 | _aAmaral, E. | |
| 111 | 1 |
_a1. Congresso Brasileiro de Apicultura _cFlorianopolis, SC (Brazil) _d8 May 1970 |
|
| 245 | 1 | _aFlora apicola paulista [Taxonomia vegetal; Brasil] | |
| 260 | 3 |
_aFlorianopolis, SC (Brasil): _c1970. |
|
| 500 | _a1. Congresso Brasileiro de Apicultura Florianopolis, SC (Brasil): 1970. p. 61-64 (BR6009375-AM)F70 | ||
| 650 | _aTaxonomia vegetal | ||
| 650 | _aProducao animal | ||
| 650 | _aAbelha | ||
| 650 | _aApicultura | ||
| 650 | _aFloracao | ||
| 650 | _aSao Paulo | ||
| 773 | 0 |
_t1. Congresso Brasileiro de Apicultura _wF70 BR6009375 _gFlorianopolis, SC (Brasil), 1970. p. 61-64 |
|
| 909 |
_a202404 _bLucia _c55 _dLucia Elande |
||
| 942 |
_cAM _2AGRIS |
||
| 999 |
_c302460 _d302460 |
||